Tārīkh al-ṭibb al-ʻIrāqī, (Record no. 49982)

MARC details
000 -LEADER
fixed length control field 00750cam a22002411 4500
001 - CONTROL NUMBER
control field ne 68000266
003 - CONTROL NUMBER IDENTIFIER
control field DLC
005 - DATE AND TIME OF LATEST TRANSACTION
control field 20260227111837.0
008 - FIXED-LENGTH DATA ELEMENTS--GENERAL INFORMATION
fixed length control field 881221s1967 iq b 000 0 ara
010 ## - LIBRARY OF CONGRESS CONTROL NUMBER
LC control number ne 68000266
035 ## - SYSTEM CONTROL NUMBER
System control number (OCoLC)18935302
040 ## - CATALOGING SOURCE
Original cataloging agency DLC
Transcribing agency CU
Modifying agency CU
-- DLC
043 ## - GEOGRAPHIC AREA CODE
Geographic area code a-iq---
050 00 - LIBRARY OF CONGRESS CALL NUMBER
Classification number R644.I7
Item number A65
100 1# - MAIN ENTRY--PERSONAL NAME
Personal name ʻAlwachī, ʻAbd al-Ḥamīd.
245 10 - TITLE STATEMENT
Title Tārīkh al-ṭibb al-ʻIrāqī,
Statement of responsibility, etc. taʼlīf ʻAbd al-Ḥamīd al-ʻAlwachī.
260 ## - PUBLICATION, DISTRIBUTION, ETC.
Place of publication, distribution, etc. Baghdād,
Name of publisher, distributor, etc. Maṭbaʻat Asʻad,
Date of publication, distribution, etc. 1967.
300 ## - PHYSICAL DESCRIPTION
Extent 28, 628 p.
Dimensions 25 cm.
500 ## - GENERAL NOTE
General note Added t. p.: History of medicine in Iraq, by Abdul Hameed al-Alouchi.
504 ## - BIBLIOGRAPHY, ETC. NOTE
Bibliography, etc. note Bibliography: p. 546-556.
650 #0 - SUBJECT ADDED ENTRY--TOPICAL TERM
Topical term or geographic name entry element Medicine
Geographic subdivision Iraq.
740 0# - ADDED ENTRY--UNCONTROLLED RELATED/ANALYTICAL TITLE
Uncontrolled related/analytical title Ṭibb al-ʻIrāqī.

No items available.

Powered by Koha